| 000 | 00628nam a22001817a 4500 | ||
|---|---|---|---|
| 999 |
_c10554 _d10554 |
||
| 008 | 180905b ||||| |||| 00| 0 eng d | ||
| 020 | _a978-1-118-97358-5 | ||
| 082 |
_22016 _aDC 658.3 _bC771 |
||
| 100 |
_930933 _aCook, Mark |
||
| 245 |
_aPersonnel selection : _badding value through people - a changing picture / _cMark Cook. |
||
| 250 | _aSixth Edition | ||
| 260 |
_aChichester, West Sussex, : _bJohn Wiley & Sons, Ltd., _c©2016. |
||
| 300 |
_aviii, 357 pages ; _c26 cm |
||
| 500 | _aIncludes bibliographical references and index. | ||
| 650 | 0 |
_930934 _aEmployee selection. |
|
| 365 |
_b5,220.00 _cPhp |
||
| 942 |
_2ddc _cDC |
||